| 000 | 01305cam a22002895a 4500 | ||
|---|---|---|---|
| 001 | 17885583 | ||
| 005 | 20201128023816.0 | ||
| 008 | 130913s2016 ii a fr 001 0 eng d | ||
| 010 | _a 2013037102 | ||
| 020 | _a9789332555082 | ||
| 020 | _a9332555087 | ||
| 040 |
_aDLC _beng _cDLC _dEG-ScBUE |
||
| 042 | _apcc | ||
| 082 | 0 | 4 |
_222 _a621.38152 _bSTR |
| 100 | 1 |
_aStreetman, Ben G. _918827 |
|
| 245 | 1 | 0 |
_aSolid state electronic devices / _cBen G. Streetman and Sanjay Kumar Banerjee. |
| 250 | _a7th ed. | ||
| 260 |
_aNew Delhi : _bPearson India Education Services Pvt.Ltd, _cc.2016 |
||
| 300 |
_a624 p. : _bill. ; _c24 cm. |
||
| 500 | _aIndex : p. 605-624. | ||
| 505 | _aChapter 1 Crystal Properties and Growth of Semiconductors -- Chapter 2 Atoms And Electrons -- Chapter 3 Energy Bands And Charge Carriers In Semiconductors -- Chapter 4 Excess Carriers In Semiconductors -- Chapter 5 Junctions Chapter 6 Field-Effect Transistors -- Chapter 7 Bipolar Junction Transistors -- Chapter 8 Optoelectronic Devices -- Chapter 9 Integrated Circuits -- Chapter 10 High-frequency, high-power and Nanoelectronic devices. | ||
| 650 | 7 |
_aSemiconductors. _2BUEsh _92692 |
|
| 651 | _2BUEsh | ||
| 653 |
_bENGELC _cAugust 2016 |
||
| 700 | 1 |
_918829 _aBanerjee, Sanjay |
|
| 942 |
_2ddc _e22 _k621.38152 STR |
||
| 999 |
_c22245 _d22217 |
||